|
|
|
|
| LEADER |
00000nam a2200000Ii 4500 |
| 001 |
DIGBRUJ213 |
| 003 |
NyNyDIG |
| 006 |
m o d |
| 007 |
cr ||||||||||| |
| 008 |
220710s2016 ag a ob 000 0 spa d |
| 035 |
|
|
|a (OCoLC)1343907998
|
| 040 |
|
|
|a DGITA
|b eng
|e rda
|e pn
|c DGITA
|
| 020 |
|
|
|a 9789875917668
|q pdf
|
| 020 |
|
|
|z 9789875916395
|
| 050 |
1 |
4 |
|a BH39 ebook
|
| 082 |
0 |
4 |
|a 111.85
|
| 245 |
0 |
0 |
|a Montajes :
|b arte, filosofía y psicoanálisis en la encrucijada /
|c Fernando Fraenza, Luis I. García, Pablo M. Moyano, editores.
|
| 250 |
|
|
|a 1a. edición.
|
| 264 |
|
1 |
|a Córdoba, Argentina :
|b Editorial Brujas,
|c [2016]
|
| 300 |
|
|
|a 1 online resource :
|b illustrations.
|
| 336 |
|
|
|a text
|b txt
|2 rdacontent
|
| 337 |
|
|
|a computer
|b c
|2 rdamedia
|
| 338 |
|
|
|a online resource
|b cr
|2 rdacarrier
|
| 347 |
|
|
|a text file
|2 rdaft
|
| 347 |
|
|
|b PDF
|
| 504 |
|
|
|a Includes bibliographical references.
|
| 588 |
0 |
|
|a Online resource; title from PDF title page (Digitalia, viewed July 10, 2022)
|
| 650 |
|
0 |
|a Aesthetics.
|
| 650 |
|
0 |
|a Art and philosophy.
|
| 650 |
|
0 |
|a Psychology and art.
|
| 655 |
|
0 |
|a Electronic books.
|
| 700 |
1 |
|
|a Fraenza, Fernando,
|d 1963-
|e editor.
|
| 700 |
1 |
|
|a García, Luis Ignacio,
|e editor.
|
| 700 |
1 |
|
|a Moyano, Pablo Manuel,
|e editor.
|
| 791 |
2 |
|
|a Digitalia (Firm),
|e distributor.
|
| 793 |
0 |
|
|g Digitalia eBook Collection:
|a Editorial Brujas
|
| 776 |
0 |
8 |
|i Print version:
|t Montajes.
|d Córdoba, Argentina : Editorial Brujas, [2016]
|z 9789875916395
|
| 856 |
4 |
0 |
|3 Digitalia Hispánica
|u https://www.digitaliapublishing.com/a/41906/
|
| 910 |
|
|
|a Premium collection: 2022
|